header

Machine translation and translation theory (Record no. 210968)

MARC details
000 -LEADER
fixed length control field 01643nam a2200361 a 4500
082 04 - DEWEY DECIMAL CLASSIFICATION NUMBER
Classification number 418/.02/0285
245 00 - TITLE STATEMENT
Title Machine translation and translation theory
260 ## - PUBLICATION, DISTRIBUTION, ETC. (IMPRINT)
Place of publication Berlin ;
-- New York :
Name of publisher Mouton de Gruyter,
Year of publication 1997.
300 ## - PHYSICAL DESCRIPTION
Number of Pages xiv, 266 p. :
Other physical details ill.
505 0# - FORMATTED CONTENTS NOTE
Formatted contents note pt. 1. Aspects of human translation of considerable interest for machine translation -- pt. 2. Studies of human translation oriented towards machine translation -- pt. 3. Approaches to machine translation inspired by human translation.
650 #0 - SUBJECT ADDED ENTRY--TOPICAL TERM
Topical Term Machine translating.
Topical Term Translating and interpreting.
700 1# - ADDED ENTRY--PERSONAL NAME
Personal name Hauenschild, Christa.
Personal name Heizmann, Susanne,
856 40 - ELECTRONIC LOCATION AND ACCESS
Uniform Resource Identifier http://site.ebrary.com/lib/rucke/Doc?id=10585245

No items available.

© 2026 Rongo University
Contact us: librarian | system librarian | Rongo university